000
00291nam a22001457a 4500
003
SGT
082
_a
370
_b
A13S
100
_a
SEN, AMRIT
245
_a
ADHYAPAK SHIKSHA
250
_a
2ND
260
_a
NEW DELHI
_b
INDIAN PUB
_c
2013
300
_a
232
650
_a
EDUCATION
942
_2
ddc
_c
BK
999
_c
11699
_d
11699